Phikeia Oath Quiz Stats

 Plays Quiz not verified by Sporcle

Challenge
Share
Tweet
Embed
Score 0/7 Timer 10:00
0 Plays Today
Lines Answers % Correct
1st LineI now declare that I pledge myself and my services to the Phi Delta Theta Fraternity.
94.5%
2nd LineThat I will discharge faithfully the duties devolving upon me as a Phikeia, and that I will try to promote the welfare of the Fraternity, and that I will be always mindful of the basic principles of the Fraternity.
77.1%
3rd LineAnd further, I pledge myself as a college man to uphold the honor and dignity of Phi Delta Theta, everywhere and at all times.
73%
4th LineI will never bring disgrace to this, my Fraternity, by any act of dishonesty or moral cowardice.
68.9%
5th LineI will stand firm for the ideals and sacred things of my Fraternity, both alone and with my Phikeia brothers.
64.6%
6th LineI will revere and obey the laws of the Fraternity, and do my best to incite a like respect and reverence in my Phikeia brothers and in every member of this chapter.
59.3%
7th LineI will strive in all ways to transmit the Fraternity to those who may follow after, not only not less, but greater than it was transmitted to me.
48.9%

You're not logged in!

Compare scores with friends on all Sporcle quizzes.
OR
Log In

You Might Also Like...

Show Comments

Extras

Created May 7, 2012ReportNominate
Tags:boring, oath

Top Quizzes Today


Score Distribution

Your Account Isn't Verified!

In order to create a playlist on Sporcle, you need to verify the email address you used during registration. Go to your Sporcle Settings to finish the process.

Report this User

Report this user for behavior that violates our Community Guidelines.

Details: